Essentials of Organisational Behaviour. (Record no. 1774)

MARC details
005 - DATE AND TIME OF LATEST TRANSACTION
control field 20250429141936.0
020 ## - INTERNATIONAL STANDARD BOOK NUMBER
International Standard Book Number 1-55570-521-9
082 ## - DEWEY DECIMAL CLASSIFICATION NUMBER
Classification number 025.344 MIT
100 ## - MAIN ENTRY--PERSONAL NAME
Author name MULLINS, L. J.
245 ## - TITLE STATEMENT
Title Essentials of Organisational Behaviour.
260 ## - PUBLICATION, DISTRIBUTION, ETC.
Place of publication, distribution, etc. New York,
Name of publisher, distributor, etc. Prentice Hall,
Date of publication, distribution, etc. 2006.
300 ## - PHYSICAL DESCRIPTION
Extent xiv, 544p.: ill.; figure, table
Other physical details Glossary, Index
Dimensions 26cm
856 ## - ELECTRONIC LOCATION AND ACCESS
Link text Access Online Book
Electronic name Management
Path www.pearsoned.co.uk
942 ## - ADDED ENTRY ELEMENTS (KOHA)
Source of classification or shelving scheme Dewey Decimal Classification
Koha item type Books
Holdings
Date last seen Total checkouts Full call number Barcode Cost, replacement price Price effective from Koha item type Lost status Source of classification or shelving scheme Damaged status Not for loan Withdrawn status Home library Current library Shelving location Date acquired Cost, normal purchase price
04/29/2025   025.344 MIT 0000006885 84000.00 04/29/2025 Books   Dewey Decimal Classification       College of Business Education Main Library College of Business Education Main Library General Collection 10/26/2005 28000.00
04/29/2025   025.344 MIT 0000006886 84000.00 04/29/2025 Books   Dewey Decimal Classification       College of Business Education Main Library College of Business Education Main Library General Collection 10/26/2005 28000.00
04/29/2025   025.344 MIT 0000006887 84000.00 04/29/2025 Books   Dewey Decimal Classification       College of Business Education Main Library College of Business Education Main Library General Collection 10/26/2005 28000.00
04/29/2025   025.344 MIT 0000006888 84000.00 04/29/2025 Books   Dewey Decimal Classification       College of Business Education Main Library College of Business Education Main Library General Collection 10/26/2005 28000.00
04/29/2025   658.001 MUL 0000006905 84000.00 04/29/2025 Books   Dewey Decimal Classification       College of Business Education Main Library College of Business Education Main Library General Collection 01/26/2005 28000.00